1 2 3 (Record no. 15428)

MARC details
000 -LÍDER
campo de controle de tamanho fixo 00305 a2200145 4500
001 - NÚMERO DE CONTROLE
campo de controle 15428
020 ## - ISBN - INTERNATIONAL STANDARD BOOK NUMBER
ISBN - International Standard Book Number 9781846468148
040 ## - FONTE DA CATALOGAÇÃO
Instituição que transcreveu o registro Anchieta - Bela Vista
100 ## - ENTRADA PRINCIPAL--NOME PESSOAL
Nome pessoal Clark, Lesley
240 10 - TÍTULO UNIFORME
Título uniforme 1 2 3
Idioma da obra Ing
245 10 - TÍTULO
Título 1 2 3
300 ## - DESCRIÇÃO FÍSICA
Extensão 27
650 #4 - ASSUNTO--TERMO TÓPICO
Cabeçalho tópico ou nome geográfico Literatura infantil em inglês
942 ## - ELEMENTOS DE ENTRADA ADICIONADOS (KOHA)
Tipo de material Koha Livros
Holdings
Situação do descarte Situação das perdas Situação física Não pode ser emprestado Biblioteca de origem Biblioteca atual Data de aquisição Total de empréstimos Número de chamada completo Código de barras Data de último acesso Data do preço efetivo Tipo de material Koha
        Colégio Anchieta - Bela Vista Colégio Anchieta - Bela Vista 21/11/2023   LI 028.573 C592u CLA 123 67/BEL 21/11/2023 21/11/2023 Livros
        Colégio Anchieta - Bela Vista Colégio Anchieta - Bela Vista 21/11/2023   LI 028.573 C592u CLA 123 3654/BEL 21/11/2023 21/11/2023 Livros
        Colégio São Paulo Colégio São Paulo 21/11/2023   LI 028.573 CLA 1 2 1016/ITA 21/11/2023 21/11/2023 Livros